Statistics for Middle Eastern Geography By Letter - E

Click here to take the quiz!

General Stats

  • This quiz has been taken 111 times
  • The average score is 9 of 20

Answer Stats

ClueAnswer% Correct
Country of the PharaohsEgypt
99%
Arabic term for a rulerEmir
97%
E in the UAEEmirates
95%
Mesopotamian riverEuphrates
90%
Ottoman, Byzantine, Sasanian etc.Empires
87%
Animal on the flag of that countryEagle
78%
Second most used language in QatarEnglish
69%
Israel's national airlineEl Al
68%
Currency of CyprusEuro
60%
Term for a Muslim religious festivalEid
41%
Capital of the Iraqi KurdistanErbil
32%
Ancient Greek city near IzmirEphesus
23%
Israeli port on the Aqaba GulfEilat
22%
Third-biggest Iranian city in PersianEsfahan
16%
Westernmost major city of TurkeyEdrine
12%
One of Palestine's capitalsEast Jerusalem
12%
Another name for the European TurkeyEast Thrace
8%
Gaza Strip, Musandam, Nahwa etc.Exclaves
8%
Major Turkish city that mean "Old city"Eskişehir
8%
Range of Iran's tallest mountainElburz
4%

Score Distribution

Percentile by Number Answered

Percent of People with Each Score

Your Score History

You have not taken this quiz